R in Finance and Economics (Record no. 176543)
[ view plain ]
| 000 -LEADER | |
|---|---|
| fixed length control field | 00378nam a22001697a 4500 |
| 005 - DATE AND TIME OF LATEST TRANSACTION | |
| control field | 20260206113955.0 |
| 020 ## - INTERNATIONAL STANDARD BOOK NUMBER | |
| ISBN | 9780000989048 |
| 041 ## - LANGUAGE CODE | |
| Language code of text/sound track or separate title | English |
| 082 ## - DEWEY DECIMAL CLASSIFICATION NUMBER | |
| Classification number | 332 R20 SIN |
| 100 ## - MAIN ENTRY--AUTHOR NAME | |
| Personal name | Singh Abhay Kumar |
| 245 ## - TITLE STATEMENT | |
| Title | R in Finance and Economics |
| 250 ## - EDITION STATEMENT | |
| Edition statement | 01 |
| 260 ## - PUBLICATION, DISTRIBUTION, ETC. (IMPRINT) | |
| Place of publication | London |
| Name of publisher | World Scientific Co. |
| Year of publication | 2020 |
| 300 ## - PHYSICAL DESCRIPTION | |
| Number of Pages | 245 |
| 365 ## - TRADE PRICE | |
| Price amount | 2000.00 |
| 942 ## - ADDED ENTRY ELEMENTS (KOHA) | |
| Koha item type | Books |
| Withdrawn status | Lost status | Home library | Current library | Shelving location | Date acquired | Cost, normal purchase price | Full call number | Accession Number | Cost, replacement price | Department | Koha item type |
|---|---|---|---|---|---|---|---|---|---|---|---|
| PSG-CAS LIBRARY | PSG-CAS LIBRARY | AW ROW 11 RACK 160 SELF 1 | 06/02/2026 | 2000.00 | 332 R20 SIN | 152766 | 2000.00 | Economics | Books |